[Event "Frankfurt Ch 2011"]
[Site "Ffm-Kalbach, LAZ"]
[Date "2011.05.09"]
[Round "2.26"]
[White "Geringer, Waldemar"]
[Black "Heidel, Andre Nicolas"]
[Result "0-1"]
[WhiteElo "1956"]
[BlackElo "2170"]
[PlyCount "104"]
[EventDate "2011.??.??"]
[WhiteTeam "SG Rödermark/Eppertshausen"]
[BlackTeam "SC 1959 Obernau"]

1. d4 d5 2. Nf3 Nf6 3. c4 c6 4. g3 Bf5 5. Bg2 e6 6. Qb3 Qb6 7. c5 Qxb3 8. axb3
Na6 9. Bd2 Be7 10. Ne5 Nd7 11. Nxd7 Kxd7 12. Bc3 e5 13. e3 exd4 14. exd4 Bf6
15. O-O Nc7 16. Nd2 Ne6 17. Nf3 Be4 18. Ra4 Bc2 19. Rc1 Bd3 20. Rca1 a6 21. Re1
Be4 22. Nd2 Bf5 23. Nf3 Be4 24. Nd2 Bxg2 25. Kxg2 Rae8 26. Nf3 g5 27. Ne5+ Bxe5
28. Rxe5 f6 29. Re1 h5 30. Raa1 g4 31. h4 Ng7 32. Rxe8 Rxe8 33. Re1 Re4 34. f3
gxf3+ 35. Kxf3 Rg4 36. Rg1 Nf5 37. Rg2 Nxd4+ 38. Bxd4 Rxd4 39. Re2 Rd3+ 40. Kf4
Rxb3 41. Kf5 Rf3+ 42. Kg6 d4 43. g4 d3 44. Rg2 hxg4 45. h5 Ke6 46. h6 Rh3 47.
Rxg4 d2 48. Rg1 Rg3+ 49. Rxg3 d1=Q 50. h7 Qe1 51. Rg4 Qe2 52. Rh4 Qg2+ 0-1

[Event "Frankfurt Ch 2011"]
[Site "Ffm-Kalbach, LAZ"]
[Date "2011.05.09"]
[Round "2.27"]
[White "Reschke, Thomas"]
[Black "Machowitsch, Wolf"]
[Result "1-0"]
[WhiteElo "2198"]
[BlackElo "2006"]
[PlyCount "37"]
[EventDate "2011.??.??"]
[WhiteTeam "SC Frankfurt-West"]
[BlackTeam "SC 1961 König Nied"]

1. c4 e5 2. g3 Nc6 3. Bg2 g6 4. Nc3 Bg7 5. e4 d6 6. Nge2 Nge7 7. d3 O-O 8. h4
h6 9. Be3 f5 10. Nd5 Be6 11. Qd2 Kh7 12. Rb1 Rb8 13. b4 b6 14. b5 Na5 15. Nec3
fxe4 16. Nxe7 Qxe7 17. Bxe4 Qd7 18. h5 Bf5 19. hxg6+ 1-0

[Event "Frankfurt Ch 2011"]
[Site "Ffm-Kalbach, LAZ"]
[Date "2011.05.09"]
[Round "2.28"]
[White "Rüger, Erhard"]
[Black "Lebermann, Hellmuth"]
[Result "0-1"]
[WhiteElo "2195"]
[BlackElo "2016"]
[PlyCount "75"]
[EventDate "2011.??.??"]
[WhiteTeam "SC Brett vor'm Kopp Ffm"]
[BlackTeam "SK Bad Homburg 1927"]

1. Nf3 d5 2. g3 Nf6 3. Bg2 g6 4. c4 c6 5. d4 Bg7 6. cxd5 cxd5 7. O-O O-O 8. Ne5
Nc6 9. Nxc6 bxc6 10. Nc3 Bf5 11. Na4 Nd7 12. Be3 e5 13. Rc1 Qf6 14. dxe5 Nxe5
15. b3 Rfc8 16. Qd2 Ng4 17. Bg5 Qe5 18. h3 Nf6 19. Bf4 Qe7 20. g4 Bd7 21. Nc5
Be8 22. Rfe1 Nd7 23. Be3 Be5 24. Bd4 Nxc5 25. Rxc5 Bd7 26. Rcc1 f5 27. gxf5
Bxf5 28. Rxc6 Rxc6 29. Bxd5+ Be6 30. Bxc6 Rd8 31. e3 Qg5+ 32. Bg2 Bxd4 33. f4
Bb6 34. Qf2 Qa5 35. Kh2 Qc5 36. Re2 Rd3 37. Be4 Rxe3 38. f5 0-1

[Event "Frankfurt Ch 2011"]
[Site "Ffm-Kalbach, LAZ"]
[Date "2011.05.09"]
[Round "2.29"]
[White "Schmitt, Roland"]
[Black "Engel, Berthold"]
[Result "1-0"]
[WhiteElo "1893"]
[BlackElo "2210"]
[PlyCount "47"]
[EventDate "2011.??.??"]
[WhiteTeam "SK Großsachsen"]
[BlackTeam "SC Brett vor'm Kopp Ffm"]

1. d4 e6 2. c4 Bb4+ 3. Nc3 Bxc3+ 4. bxc3 d6 5. e4 Qe7 6. Bd3 e5 7. f3 c5 8. Ne2
Nf6 9. Be3 b6 10. a4 Nc6 11. O-O Ba6 12. a5 Nxa5 13. Rxa5 bxa5 14. Qa4+ Qd7 15.
Qxa5 cxd4 16. cxd4 exd4 17. Nxd4 Bb7 18. e5 dxe5 19. Qxe5+ Kf8 20. Nf5 Re8 21.
Bc5+ Kg8 22. Ne7+ Kf8 23. Nd5+ Kg8 24. Nxf6+ 1-0

[Event "Frankfurt Ch 2011"]
[Site "Ffm-Kalbach, LAZ"]
[Date "2011.05.09"]
[Round "2.30"]
[White "Faqiry, Ramat"]
[Black "Bösch, Dirk"]
[Result "1/2-1/2"]
[WhiteElo "1977"]
[BlackElo "2109"]
[PlyCount "80"]
[EventDate "2011.??.??"]
[WhiteTeam "SV Oberursel"]
[BlackTeam "SK Ebringen"]

1. c4 b6 2. g3 Bb7 3. Nf3 c5 4. Bg2 Nf6 5. O-O d6 6. Nc3 g6 7. b3 Bg7 8. Bb2
O-O 9. d4 cxd4 10. Nxd4 Bxg2 11. Kxg2 Qc8 12. e4 Qb7 13. Qe2 Nbd7 14. Rad1 Rac8
15. f3 a6 16. Nc2 b5 17. Ne3 bxc4 18. Nxc4 Nb6 19. Nxb6 Qxb6 20. Rc1 Rfd8 21.
Na4 Qb7 22. Qe3 Nd7 23. Bxg7 Kxg7 24. Rxc8 Rxc8 25. Rc1 Rxc1 26. Qxc1 Qb5 27.
Qc3+ Kg8 28. Qc8+ Nf8 29. Qc2 h5 30. Kf2 Ne6 31. Qc4 Qa5 32. Qc3 Qg5 33. Qc8+
Kh7 34. Qxa6 h4 35. Qd3 hxg3+ 36. hxg3 Qh6 37. Kg1 Qh3 38. Qd2 Qxg3+ 39. Qg2
Qe1+ 40. Qf1 Qg3+ 1/2-1/2

[Event "Frankfurt Ch 2011"]
[Site "Ffm-Kalbach, LAZ"]
[Date "2011.05.09"]
[Round "2.31"]
[White "Zepuntke, Thomas"]
[Black "Rosa, Mike"]
[Result "0-1"]
[WhiteElo "1745"]
[BlackElo "2114"]
[PlyCount "98"]
[EventDate "2011.??.??"]
[WhiteTeam "vereinslos"]
[BlackTeam "SC 1961 König Nied"]

1. d4 f5 2. Nf3 Nf6 3. c4 e6 4. Nc3 Bb4 5. Bd2 O-O 6. e3 d6 7. Qb3 Bxc3 8. Bxc3
Qe8 9. Bd3 Nbd7 10. Nd2 Qg6 11. Rg1 b6 12. O-O-O Ng4 13. Rdf1 Nxh2 14. Re1 Ng4
15. f3 Nh6 16. g4 Qe8 17. gxf5 Nxf5 18. e4 Nh4 19. Rg3 Ng6 20. Reg1 Rf7 21. Qd1
Nf4 22. Bb1 e5 23. Nf1 Nf6 24. Bd2 N6h5 25. Bxf4 Nxf4 26. Ne3 exd4 27. Nd5 Nxd5
28. cxd5 Qe5 29. Qd2 g6 30. Rg5 Qf4 31. Qxf4 Rxf4 32. e5 dxe5 33. Bxg6 hxg6 34.
Rxg6+ Kf8 35. Rg8+ Ke7 36. R1g7+ Rf7 37. Rg5 Kd6 38. Rd8+ Rd7 39. Re8 Kxd5 40.
Rgxe5+ Kc4 41. b3+ Kc3 42. Re2 d3 43. R8e3 Rh7 44. Rc2+ Kd4 45. Re4+ Kd5 46.
Rcc4 c5 47. Re8 Rh1+ 48. Kd2 Rh2+ 49. Kd1 Bg4 0-1

[Event "Frankfurt Ch 2011"]
[Site "Ffm-Kalbach, LAZ"]
[Date "2011.05.09"]
[Round "2.32"]
[White "Kuhn, Gerhard"]
[Black "Liebert, Monika"]
[Result "1-0"]
[WhiteElo "2110"]
[BlackElo "1021"]
[PlyCount "83"]
[EventDate "2011.??.??"]
[WhiteTeam "SK Marburg 1931/72"]
[BlackTeam "SV Schachforum Darmstadt 1994"]

1. e4 e5 2. Nf3 Nc6 3. Nc3 Nf6 4. d4 d6 5. dxe5 Nxe5 6. Nxe5 dxe5 7. Qxd8+ Kxd8
8. Bg5 Be7 9. Bc4 Be6 10. O-O-O+ Ke8 11. Bxe6 fxe6 12. f3 c6 13. a3 b5 14. Rd3
a5 15. Rhd1 Kf7 16. Bh4 Rad8 17. Bg3 Rxd3 18. Rxd3 Rd8 19. Rxd8 Bxd8 20. Bxe5
Nd7 21. Bf4 e5 22. Be3 g5 23. a4 b4 24. Nb1 Be7 25. Nd2 Ke6 26. Nc4 h5 27. Nxa5
c5 28. Nc4 g4 29. a5 gxf3 30. gxf3 Bd8 31. a6 Nb6 32. a7 h4 33. Bxc5 Na8 34. h3
Bg5+ 35. Kd1 Bf4 36. Nb6 Nc7 37. Bxb4 Kf7 38. Bd6 Nb5 39. a8=Q Nxd6 40. Nd5 Ke6
41. Qg8+ Nf7 42. Qg6+ 1-0

[Event "Frankfurt Ch 2011"]
[Site "Ffm-Kalbach, LAZ"]
[Date "2011.05.09"]
[Round "2.33"]
[White "Voropaev, Gleb"]
[Black "Zerhusen, Martin"]
[Result "1-0"]
[WhiteElo "2326"]
[BlackElo "1650"]
[PlyCount "63"]
[EventDate "2011.??.??"]
[WhiteTeam "SG Turm Idstein"]
[BlackTeam "SV Oberursel"]

1. e4 c6 2. Nf3 d5 3. Nc3 e6 4. d4 Ne7 5. Bd3 Ng6 6. h4 Bd6 7. e5 Bb4 8. h5 Ne7
9. Kf1 h6 10. Ne2 Nd7 11. c3 Ba5 12. g4 c5 13. Kg2 cxd4 14. cxd4 a6 15. a3 Bb6
16. Be3 Ba7 17. Nd2 b6 18. f4 Nf8 19. Ng3 b5 20. Rf1 Bd7 21. f5 Ng8 22. Qf3 f6
23. fxe6 Bxe6 24. Nf5 Bxf5 25. Bxf5 Bb6 26. Rae1 Kf7 27. Nb3 Rb8 28. Nc5 a5 29.
Bf2 Ba7 30. Bh4 Bb6 31. Ne6 Nxe6 32. Bxe6+ 1-0

[Event "Frankfurt Ch 2011"]
[Site "Ffm-Kalbach, LAZ"]
[Date "2011.05.09"]
[Round "2.34"]
[White "Schmitt, Hans Walter"]
[Black "Zimmer, Gerald"]
[Result "0-1"]
[WhiteElo "2130"]
[BlackElo "1944"]
[PlyCount "106"]
[EventDate "2011.??.??"]
[WhiteTeam "Chess Tigers Schach-Förderverein"]
[BlackTeam "SC Bergen-Enkheim 1922"]

1. Nf3 e6 2. b3 b6 3. Bb2 Bb7 4. e3 Nf6 5. Be2 Be7 6. O-O O-O 7. c4 c5 8. d3 d5
9. Qc2 Nc6 10. a3 Rc8 11. Nbd2 a5 12. Rfe1 d4 13. exd4 cxd4 14. Nf1 e5 15. Ng3
Qc7 16. Rad1 Bc5 17. Qc1 Ne7 18. Nh4 Ng6 19. Nhf5 Nf4 20. Bf1 Rfe8 21. f3 g6
22. Nh6+ Kg7 23. Ng4 Nxg4 24. fxg4 Qd7 25. h3 Qe7 26. Ne4 Bxe4 27. Rxe4 Qh4 28.
Kh2 f5 29. g3 Qf6 30. Ree1 Ne6 31. Bg2 Bd6 32. Qd2 Qe7 33. Bd5 fxg4 34. Bc1
gxh3 35. Qh6+ Kh8 36. Re4 Qg7 37. Qxh3 Nc5 38. Rh4 Rc7 39. Bh6 Qe7 40. Rg4 Qd7
41. b4 axb4 42. axb4 Qa4 43. Rd2 Qxb4 44. Qf1 Bf8 45. Qf6+ Bg7 46. Bxg7+ Rxg7
47. Rf2 Nxd3 48. Rf5 Qe7 49. Qxe7 Rgxe7 50. Rf6 Kg7 51. Rxb6 Nc5 52. Rc6 Nd7
53. c5 Nf6 0-1

[Event "Frankfurt Ch 2011"]
[Site "Ffm-Kalbach, LAZ"]
[Date "2011.05.09"]
[Round "2.35"]
[White "Noblé, Alexander"]
[Black "Willenbring, Jens-Dirk"]
[Result "1-0"]
[WhiteElo "2045"]
[BlackElo "1489"]
[PlyCount "63"]
[EventDate "2011.??.??"]
[WhiteTeam "SC Bad Nauheim"]
[BlackTeam "Bad Vilbeler Sfr.1985"]

1. e4 e5 2. Bc4 d6 3. Nf3 Be7 4. c3 Be6 5. Bxe6 fxe6 6. Qb3 Qc8 7. d3 Nc6 8.
Be3 Nf6 9. Nbd2 Ng4 10. Nf1 Nxe3 11. Nxe3 Na5 12. Qa4+ Nc6 13. b4 O-O 14. Qb3
b5 15. a4 bxa4 16. Rxa4 Qd7 17. O-O Rfb8 18. Rfa1 Rb7 19. b5 Qc8 20. Nd5 Kf7
21. Qc4 Nd8 22. Nb4 Kf6 23. g3 d5 24. exd5 Bxb4 25. Rxb4 Nf7 26. Qh4+ Kg6 27.
Rg4+ Kf5 28. Qh5+ Kf6 29. Qh4+ Kf5 30. Rxg7 Qd8 31. Rxf7+ Kg6 32. Qxh7# 1-0

[Event "Frankfurt Ch 2011"]
[Site "Ffm-Kalbach, LAZ"]
[Date "2011.05.09"]
[Round "2.36"]
[White "Fußnecker, Manfred"]
[Black "Klyszcz, Michael"]
[Result "1-0"]
[WhiteElo "1999"]
[BlackElo "2064"]
[PlyCount "71"]
[EventDate "2011.??.??"]
[WhiteTeam "SC Matt im Park Ffm"]
[BlackTeam "SG 1871 Löberitz"]

1. e4 Nf6 2. e5 Nd5 3. Nf3 d6 4. Bc4 Nb6 5. Bb3 Nc6 6. exd6 exd6 7. c3 Qe7+ 8.
Qe2 Bf5 9. Qxe7+ Bxe7 10. d4 d5 11. Bf4 O-O-O 12. O-O f6 13. h3 g5 14. Bg3 h5
15. Nbd2 h4 16. Bh2 Na5 17. Rfe1 Rh7 18. Re3 Nac4 19. Bxc4 dxc4 20. Rae1 Nd5
21. R3e2 g4 22. hxg4 Bxg4 23. Re4 Rg8 24. b3 b5 25. bxc4 bxc4 26. Kf1 h3 27.
Bg3 hxg2+ 28. Kg1 Kd8 29. Nh2 Bh3 30. Nxc4 f5 31. Re5 Nxc3 32. Rxe7 Rxe7 33.
Bh4 Rgg7 34. Ne5 Ke8 35. Bxe7 Rxe7 36. Re3 1-0

[Event "Frankfurt Ch 2011"]
[Site "Ffm-Kalbach, LAZ"]
[Date "2011.05.09"]
[Round "2.37"]
[White "Biegel, Thomas"]
[Black "Brauer, Frank"]
[Result "1/2-1/2"]
[WhiteElo "2028"]
[BlackElo "1897"]
[PlyCount "55"]
[EventDate "2011.??.??"]
[WhiteTeam "SC Steinbach"]
[BlackTeam "vereinslos"]

1. d4 Nf6 2. Nf3 d5 3. c4 e6 4. g3 c5 5. Bg2 Nc6 6. O-O Be7 7. cxd5 exd5 8.
dxc5 Bxc5 9. a3 O-O 10. b4 Bb6 11. Bb2 Be6 12. Nc3 a6 13. Na4 Ba7 14. Rc1 Qe7
15. Nc5 Ne4 16. Nd3 Rac8 17. Rc2 Rfd8 18. Qa1 f6 19. Rfc1 Qd7 20. Nd4 Nxd4 21.
Bxd4 Rxc2 22. Rxc2 b5 23. Bxa7 Qxa7 24. Nc5 Nxc5 25. Rxc5 d4 26. Qc1 Bc4 27.
Be4 Bxe2 28. Rc7 1/2-1/2

[Event "Frankfurt Ch 2011"]
[Site "Ffm-Kalbach, LAZ"]
[Date "2011.05.09"]
[Round "2.38"]
[White "Cors, Heinz-Friedrich"]
[Black "Thomele, Michael"]
[Result "1-0"]
[WhiteElo "1945"]
[BlackElo "1905"]
[PlyCount "49"]
[EventDate "2011.??.??"]
[WhiteTeam "SV Schachforum Darmstadt 1994"]
[BlackTeam "SC 1959 Obernau"]

1. e4 d5 2. exd5 Qxd5 3. Nc3 Qd6 4. d4 Nf6 5. Nf3 Bg4 6. h3 Bh5 7. g4 Bg6 8.
Ne5 c6 9. Bf4 Qd8 10. Bc4 Nfd7 11. Nxg6 hxg6 12. Qf3 e6 13. O-O-O Be7 14. d5 e5
15. Bg3 O-O 16. h4 a5 17. d6 Bf6 18. h5 g5 19. Qf5 Re8 20. h6 Re6 21. Bxe6 fxe6
22. Qxe6+ Kh8 23. hxg7+ Kxg7 24. Rh7+ Kxh7 25. Qf7+ 1-0

[Event "Frankfurt Ch 2011"]
[Site "Ffm-Kalbach, LAZ"]
[Date "2011.05.09"]
[Round "2.39"]
[White "Mook, Karl-Jürgen"]
[Black "Seickel, Ralf"]
[Result "0-1"]
[WhiteElo "1611"]
[BlackElo "1898"]
[PlyCount "68"]
[EventDate "2011.??.??"]
[WhiteTeam "Sfr. Frankfurt 1921"]
[BlackTeam "vereinslos"]

1. e4 Nf6 2. Nc3 e5 3. Bc4 Bc5 4. Nge2 Ng4 5. O-O Qh4 6. h3 Nxf2 7. Rxf2 Qxf2+
8. Kh2 O-O 9. Qg1 Qxg1+ 10. Nxg1 c6 11. Nf3 d6 12. a3 a5 13. d3 b5 14. Bb3 a4
15. Ba2 h6 16. Ne2 Be6 17. d4 exd4 18. Nfxd4 Bxa2 19. Rxa2 Re8 20. b4 axb3 21.
Nxb3 Rxe4 22. Ng3 Re1 23. Nf5 Nd7 24. Bb2 f6 25. Nbd4 Bxd4 26. Nxd4 Ne5 27. Nf5
Nc4 28. Nd4 Rb1 29. Bc3 c5 30. Nc6 b4 31. Ra1 Rxa1 32. Bxa1 Nxa3 33. Nxb4 cxb4
34. c3 b3 0-1

[Event "Frankfurt Ch 2011"]
[Site "Ffm-Kalbach, LAZ"]
[Date "2011.05.09"]
[Round "2.40"]
[White "Ochmann, Reimund"]
[Black "Stulken, Dietmar"]
[Result "1-0"]
[WhiteElo "2097"]
[BlackElo "1384"]
[PlyCount "73"]
[EventDate "2011.??.??"]
[WhiteTeam "SK Langen"]
[BlackTeam "Sfr. Frankfurt 1921"]

1. e4 e5 2. Nf3 Nc6 3. Bc4 Nf6 4. d4 d5 5. exd5 Nxd5 6. dxe5 Be6 7. O-O Be7 8.
Qe2 Qc8 9. Bg5 O-O 10. Bxe7 Ncxe7 11. Nbd2 Nf4 12. Qe4 Bxc4 13. Nxc4 Nfg6 14.
Nd4 Rb8 15. f4 f5 16. Qd3 b5 17. Na5 Qa6 18. Nab3 Qb6 19. c4 c5 20. Nxb5 Rbd8
21. Nd6 Qc7 22. Rad1 Kh8 23. Kh1 Nc6 24. Qd5 Nge7 25. Qxc5 Qb8 26. Nd4 Nxd4 27.
Rxd4 Ng6 28. b3 a6 29. Qd5 Qc7 30. Rfd1 h6 31. Qe6 Kh7 32. R1d3 Qc6 33. Rg3 Nh8
34. Rd5 Qc7 35. h4 Qc6 36. Nxf5 Qxe6 37. Rxg7# 1-0

[Event "Frankfurt Ch 2011"]
[Site "Ffm-Kalbach, LAZ"]
[Date "2011.05.09"]
[Round "2.42"]
[White "Crnjac, Zdravco"]
[Black "Dürmeier, Roland"]
[Result "0-1"]
[WhiteElo "1482"]
[BlackElo "1867"]
[PlyCount "120"]
[EventDate "2011.??.??"]
[WhiteTeam "TSG Nieder-Erlenbach 1888"]
[BlackTeam "SG Wächtersbach/Sotzbach"]

1. e3 g6 2. g3 Bg7 3. Bg2 d6 4. h3 e5 5. d3 f5 6. Ne2 Nf6 7. Nd2 O-O 8. c3 c6
9. Nf1 Be6 10. c4 d5 11. b3 dxc4 12. bxc4 e4 13. Nf4 Bf7 14. Qc2 exd3 15. Nxd3
Qa5+ 16. Bd2 Qa6 17. Nb2 Nbd7 18. Nh2 Ne4 19. O-O Nxd2 20. Qxd2 Rad8 21. Qb4
Qb6 22. Qxb6 axb6 23. Rab1 Ra8 24. Rfc1 Nc5 25. Bf1 Rfd8 26. Nf3 Rxa2 27. Nd1
Ra6 28. Rb4 Ra1 29. Rxa1 Bxa1 30. Be2 Nd7 31. Ng5 Ra8 32. Nxf7 Kxf7 33. f4 Ra3
34. Kf2 Ke7 35. Kf3 Kd6 36. g4 Kc5 37. Rb1 Nf6 38. Nb2 Bxb2 39. Rxb2 Ne4 40.
gxf5 gxf5 41. Bf1 Ra1 42. Bd3 Nd6 43. Rg2 Ra3 44. Be2 Nxc4 45. Bxc4 Kxc4 46.
Rg7 b5 47. Rxb7 b4 48. Rxh7 b3 49. Rc7 c5 50. Rb7 Ra4 51. Rf7 Rb4 52. Rxf5 b2
53. h4 b1=Q 54. Re5 Qd1+ 55. Kg3 Qg1+ 56. Kf3 Qh1+ 57. Kg3 Rb8 58. Rg5 Re8 59.
h5 Qg1+ 60. Kh4 Qxe3 0-1

[Event "Frankfurt Ch 2011"]
[Site "Ffm-Kalbach, LAZ"]
[Date "2011.05.09"]
[Round "2.43"]
[White "Schwenkreis, Thomas"]
[Black "Krischak, Werner"]
[Result "1-0"]
[WhiteElo "2130"]
[BlackElo "1822"]
[PlyCount "146"]
[EventDate "2011.??.??"]
[WhiteTeam "SC Brett vor'm Kopp Ffm"]
[BlackTeam "SK Marburg 1931/72"]

1. e4 c6 2. Nc3 d5 3. Nf3 Bg4 4. h3 Bxf3 5. Qxf3 e6 6. d3 Bd6 7. Be2 Qf6 8. Qg4
Nd7 9. f4 d4 10. e5 Qg6 11. Ne4 Be7 12. Qf3 f5 13. Nd2 Bh4+ 14. Kd1 Ne7 15. Nb3
c5 16. Qxb7 Rb8 17. Qf3 Nd5 18. Na5 O-O 19. Nc4 N7b6 20. a4 Nxc4 21. dxc4 Ne3+
22. Bxe3 dxe3 23. Kc1 Bf2 24. Rf1 Qf7 25. Ra3 Rb4 26. Bd3 Rfb8 27. b3 Qc7 28.
a5 Rd8 29. g4 g6 30. h4 fxg4 31. Qxg4 Qf7 32. h5 Rxd3 33. cxd3 Qf5 34. Qxf5
exf5 35. Kd1 Kf7 36. hxg6+ hxg6 37. Ke2 a6 38. Rh1 Kg7 39. d4 cxd4 40. Rd1 g5
41. Rxd4 gxf4 42. Rxf4 Kg6 43. Rd4 Kg5 44. Kf3 Rb8 45. c5 Rh8 46. b4 Rh3+ 47.
Ke2 f4 48. Rxf4 Kxf4 49. b5 axb5 50. a6 Rh8 51. e6 Ke5 52. e7 Ke6 53. a7 Kxe7
54. a8=Q Rxa8 55. Rxa8 Kd7 56. Ra6 b4 57. Rb6 b3 58. Rxb3 Kc6 59. Rc3 Kc7 60.
Rc2 Kc6 61. Rc1 Kc7 62. Rh1 Kc6 63. Rh5 Kb5 64. Rf5 Kc6 65. Kf3 Kb5 66. Re5 Kc6
67. Ke2 Kb5 68. Rf5 Kc6 69. Re5 Bg1 70. Rg5 Bf2 71. Kd3 Kb5 72. Re5 Bg1 73. Rg5
Bf2 1-0

[Event "Frankfurt Ch 2011"]
[Site "Ffm-Kalbach, LAZ"]
[Date "2011.05.09"]
[Round "2.44"]
[White "Dörr, Tarik"]
[Black "Schellen, Sven"]
[Result "1-0"]
[WhiteElo "1852"]
[BlackElo "1745"]
[PlyCount "57"]
[EventDate "2011.??.??"]
[WhiteTeam "SC Einrich"]
[BlackTeam "Sfr. Frankfurt 1921"]

1. e4 e6 2. d4 d5 3. Nc3 Bb4 4. e5 Ne7 5. a3 Bxc3+ 6. bxc3 c5 7. Qg4 Kf8 8. Ne2
Nec6 9. Qh3 Nd7 10. g4 Qa5 11. Bd2 Qb6 12. Qe3 Na5 13. Ng3 Qc7 14. f4 Nb6 15.
Qf3 Nac4 16. Bc1 Qe7 17. Bd3 Bd7 18. O-O Bc6 19. f5 Ke8 20. Nh5 Qf8 21. Nf4 Kd7
22. Qh3 cxd4 23. cxd4 Qg8 24. Nh5 Kc7 25. Qh4 Rd8 26. Bg5 Rc8 27. Rfb1 h6 28.
Be7 Nd2 29. Bd6+ 1-0

[Event "Frankfurt Ch 2011"]
[Site "Ffm-Kalbach, LAZ"]
[Date "2011.05.09"]
[Round "2.45"]
[White "Storch, Dominik"]
[Black "Gutacker, Stephan"]
[Result "0-1"]
[WhiteElo "1883"]
[BlackElo "1949"]
[PlyCount "108"]
[EventDate "2011.??.??"]
[WhiteTeam "Frankfurter TV 1860"]
[BlackTeam "Sfr.1932 Kelkheim"]

1. e4 e5 2. Nf3 Nc6 3. d4 exd4 4. Nxd4 Bc5 5. Be3 Qf6 6. c3 Nge7 7. Bc4 Ne5 8.
Be2 d5 9. Nd2 Qg6 10. Qc2 O-O 11. O-O-O Bb6 12. h3 f5 13. f4 N5c6 14. e5 Nxd4
15. cxd4 Bd7 16. Kb1 a5 17. g4 Nc6 18. Ka1 Nb4 19. Qb1 fxg4 20. Qxg6 hxg6 21.
Rc1 gxh3 22. a3 Nc6 23. Nb3 Bf5 24. Nc5 Bxc5 25. Rxc5 Nb4 26. Bd1 c6 27. Bd2
Nd3 28. Rc3 Be4 29. Rh2 Nxf4 30. Bxf4 Rxf4 31. Rcxh3 Kf7 32. Be2 Bf5 33. Rh4
Rxh4 34. Rxh4 Rc8 35. Rh1 c5 36. Rc1 cxd4 37. Rd1 d3 38. Bxd3 Bxd3 39. Rxd3 Ke6
40. Rb3 Rc7 41. Rb6+ Kxe5 42. Rxg6 Kf5 43. Rd6 Ke4 44. Ka2 d4 45. Kb3 g5 46.
Ka4 Rc6 47. Rd7 b6 48. Rg7 d3 49. Rxg5 d2 50. Rg4+ Kd3 51. Rg3+ Kc2 52. Rg2 Kc1
53. Rg1+ d1=Q+ 54. Rxd1+ Kxd1 0-1

[Event "Frankfurt Ch 2011"]
[Site "Ffm-Kalbach, LAZ"]
[Date "2011.05.09"]
[Round "2.46"]
[White "Krüger, Till"]
[Black "Bender, Manfred"]
[Result "1-0"]
[WhiteElo "2063"]
[BlackElo "1821"]
[PlyCount "71"]
[EventDate "2011.??.??"]
[WhiteTeam "SC Nidderau"]
[BlackTeam "Sfr. Taunus Königstein/Schwalbac"]

1. e4 e5 2. Bc4 Nf6 3. d3 Nc6 4. Nf3 d6 5. c3 Be7 6. O-O O-O 7. h3 Na5 8. Bb5
c6 9. Ba4 b5 10. Bc2 c5 11. Be3 Bb7 12. Nbd2 Qc7 13. d4 Rfd8 14. Rc1 Rac8 15.
d5 Ba6 16. b3 Nb7 17. Qe2 Qa5 18. Bb1 b4 19. c4 Rf8 20. Nh4 Rce8 21. Nf5 Qd8
22. Kh1 Na5 23. g4 Bc8 24. Rg1 Nb7 25. g5 Nd7 26. Rg3 g6 27. Rcg1 Nb6 28. Nh6+
Kg7 29. f4 exf4 30. Bxf4 Nd7 31. Nf3 f6 32. gxf6+ Bxf6 33. e5 Nxe5 34. Nxe5
Bxe5 35. Rxg6+ Kh8 36. Rg8+ 1-0

[Event "Frankfurt Ch 2011"]
[Site "Ffm-Kalbach, LAZ"]
[Date "2011.05.09"]
[Round "2.47"]
[White "Cipca, Adrian"]
[Black "Makilla, Tobias"]
[Result "0-1"]
[WhiteElo "1888"]
[BlackElo "1937"]
[PlyCount "62"]
[EventDate "2011.??.??"]
[WhiteTeam "SK Bad Homburg 1927"]
[BlackTeam "Sfr.1932 Kelkheim"]

1. e4 e5 2. Nf3 Nc6 3. Bb5 a6 4. Bxc6 dxc6 5. O-O Bg4 6. h3 h5 7. d3 Qf6 8. Be3
Bxf3 9. Qxf3 Qxf3 10. gxf3 Bd6 11. Nd2 Ne7 12. Rfb1 f5 13. b4 b6 14. Nc4 O-O-O
15. a4 Rhf8 16. f4 exf4 17. Nxd6+ Rxd6 18. Bxf4 Rg6+ 19. Kf1 fxe4 20. Be3 Nd5
21. Bd4 exd3 22. c4 Rf4 23. cxd5 Rxd4 24. dxc6 Rxc6 25. b5 axb5 26. axb5 Rc5
27. Ra8+ Kb7 28. Rg8 g5 29. Rh8 h4 30. Re8 d2 31. Ke2 Rc1 0-1

[Event "Frankfurt Ch 2011"]
[Site "Ffm-Kalbach, LAZ"]
[Date "2011.05.09"]
[Round "2.48"]
[White "Haftmann, Rainer"]
[Black "Koch, Thomas"]
[Result "1-0"]
[WhiteElo "1920"]
[BlackElo "1938"]
[PlyCount "32"]
[EventDate "2011.??.??"]
[WhiteTeam "SG 1945 Dietzenbach"]
[BlackTeam "SV 1934 Ffm-Griesheim"]

1. e4 d6 2. d4 g6 3. Nc3 Bg7 4. Nf3 Nf6 5. Bc4 O-O 6. O-O Bg4 7. h3 Bxf3 8.
Qxf3 e5 9. dxe5 dxe5 10. Bg5 Qd6 11. Rad1 Qc5 12. Bb3 Ne8 13. Nd5 Nc6 14. c3
Na5 15. Be7 Qc6 16. Bxf8 Bxf8 1-0

[Event "Frankfurt Ch 2011"]
[Site "Ffm-Kalbach, LAZ"]
[Date "2011.05.09"]
[Round "2.49"]
[White "Imelmann, Esther"]
[Black "Bötticher, Tim"]
[Result "1/2-1/2"]
[WhiteElo "1790"]
[BlackElo "2056"]
[PlyCount "51"]
[EventDate "2011.??.??"]
[WhiteTeam "SV Mainz-Mombach"]
[BlackTeam "Lübecker SV von 1873"]

1. d4 d5 2. c4 dxc4 3. a4 e5 4. Nf3 exd4 5. Qxd4 Qxd4 6. Nxd4 Bd7 7. e3 Nc6 8.
Nxc6 Bxc6 9. f3 Bd5 10. Na3 Be7 11. Nxc4 Bh4+ 12. Kd1 Rd8 13. Kc2 Be7 14. e4
Bxc4 15. Bxc4 Nf6 16. Be3 a6 17. Rhd1 Bd6 18. h3 O-O 19. Rd2 Bb4 20. Rxd8 Rxd8
21. Rd1 Rxd1 22. Kxd1 Nd7 23. Kc2 Kf8 24. Bd4 Bd6 25. b3 Ne5 26. Bxe5 1/2-1/2

[Event "Frankfurt Ch 2011"]
[Site "Ffm-Kalbach, LAZ"]
[Date "2011.05.09"]
[Round "2.50"]
[White "Hilbenz, Guntram"]
[Black "Mühlbach, Christian"]
[Result "1-0"]
[WhiteElo "1919"]
[BlackElo "1709"]
[PlyCount "61"]
[EventDate "2011.??.??"]
[WhiteTeam "SC Bad Nauheim"]
[BlackTeam "SK Langen"]

1. Nf3 d6 2. c4 e5 3. Nc3 f5 4. d3 Nf6 5. g3 Be7 6. Bg2 Nc6 7. Rb1 O-O 8. O-O
Qe8 9. b4 Qh5 10. e3 Be6 11. b5 Nd8 12. Nd2 Qg6 13. f4 h5 14. Nd5 Bxd5 15. cxd5
Ng4 16. Nf3 Nf7 17. h4 Rfb8 18. Rb4 Bf6 19. Rc4 Rc8 20. Ng5 Nxg5 21. hxg5 Bd8
22. Bf3 Qe8 23. Bxg4 hxg4 24. a4 a6 25. Qb3 axb5 26. axb5 Ra5 27. b6 Rb5 28.
Qc3 Rxb6 29. fxe5 g6 30. e6 Ra6 31. Bb2 1-0

[Event "Frankfurt Ch 2011"]
[Site "Ffm-Kalbach, LAZ"]
[Date "2011.05.09"]
[Round "2.51"]
[White "Fröhlich-Dill, Astrid"]
[Black "Riha, Peter"]
[Result "1-0"]
[WhiteElo "1919"]
[BlackElo "1806"]
[PlyCount "55"]
[EventDate "2011.??.??"]
[WhiteTeam "SV 1920 Hofheim"]
[BlackTeam "SC Bergen-Enkheim 1922"]

1. d4 Nf6 2. c4 e5 3. d5 Bc5 4. Nf3 d6 5. e3 c6 6. Nc3 O-O 7. Be2 cxd5 8. cxd5
Bf5 9. Nh4 Bg6 10. Nxg6 fxg6 11. O-O a6 12. a3 Nbd7 13. b4 Ba7 14. Kh1 Rc8 15.
Bb2 Rf7 16. Rc1 Nb6 17. Qb3 Rfc7 18. Rfd1 Qd7 19. h3 Qf5 20. Kg1 Nc4 21. Bxc4
Rxc4 22. Ne2 Rc2 23. g4 Nxg4 24. hxg4 Qxg4+ 25. Ng3 Rxf2 26. Rxc8+ Qxc8 27.
Kxf2 Qf8+ 28. Ke2 1-0

[Event "Frankfurt Ch 2011"]
[Site "Ffm-Kalbach, LAZ"]
[Date "2011.05.09"]
[Round "2.53"]
[White "Hillgärtner, Walter"]
[Black "Annen, Oliver"]
[Result "1-0"]
[WhiteElo "1931"]
[BlackElo "1559"]
[PlyCount "85"]
[EventDate "2011.??.??"]
[WhiteTeam "SC Bad Nauheim"]
[BlackTeam "SK Bad Homburg 1927"]

1. d4 Nf6 2. Bf4 e6 3. e3 d5 4. Nf3 c5 5. c3 Qb6 6. Qb3 Qxb3 7. axb3 Nc6 8.
Nbd2 Be7 9. h3 O-O 10. Bd3 cxd4 11. exd4 b6 12. O-O Bb7 13. b4 a6 14. Rfe1 Rfc8
15. Bh2 Ne8 16. Ne5 Nxe5 17. Bxe5 Bd6 18. Nf3 a5 19. b5 Be7 20. Bf4 Nd6 21. Ne5
Rd8 22. Bd2 Bf6 23. Ng4 Ne8 24. Nxf6+ Nxf6 25. Bg5 Re8 26. Bxf6 gxf6 27. f4 f5
28. Kf2 Kh8 29. g4 fxg4 30. hxg4 f6 31. Rh1 Re7 32. Rh6 Bc8 33. Rah1 Raa7 34.
Rxf6 Kg8 35. g5 Rf7 36. Rxf7 Rxf7 37. Ke3 Bd7 38. b3 Bc8 39. c4 Rc7 40. Rc1
dxc4 41. bxc4 a4 42. Ra1 Ra7 43. Ra3 1-0